000 00632nam a2200217 i 4500
001 C2-0220999
003 PPAK
005 20180728150733.0
008 991010s1986 my a|||| ||||| | may d
040 _aPPAK
_beng
_cPPAK
_erda
082 0 4 _a398.2
_223
090 0 0 _a398.2
_bCIN
_dKIH
245 0 0 _aCincin hikmat
_bKumpulan cerita rakyat Malaysia
264 1 _aKuala Lumpur :
_bDewan Bahasa dan Pustaka ,
_c1986
300 _a122 pages :
_bcolour illustrations ;
_c24 cm
336 _2rdacontent
_atext
337 _2rdamedia
_aunmediated
338 _2rdacarrier
_avolume
650 1 0 _aFolk literature, Malay
942 _ddc
_cB
999 _c142757
_d142757